000 00604nam a2200217Ia 4500
003 BUBTL
008 151213s9999 xx 000 0 und d
082 _a342.06/BAA
100 _aDugra Das Basu & A. K. Nondi
_94074
245 _aAdministrative Law
_cDugra Das Basu & A. K. Nondi
250 _a6th
260 _aKoalkata
_bKamal Law House
_cc2005
300 _a814p . :
_b22cm.
500 _aIncludes Index
650 _aLaw
_94075
650 _aLaw
_94075
700 _aDugra Das Basu & A. K. Nondi
_94074
856 _k0
_l0
_yDownload
942 _2ddc
_cBK
999 _c2445
_d2445